000 00326nam a22001457a 4500
008 221130b ||||| |||| 00| 0 eng d
020 _a9781284065480
041 _aeng
080 _2eighth edition
_a34
082 _a34 SUL
100 _a31.1
101 _aJURE
245 _aHEALTHH CARE USA
_cSULTZ A.H
942 _2udc
_cBK
999 _c59037
_d59037